00822nam a2200205 a 4500001001000000003000500010005001700015008004100032010001100073011001100084040000900095100004200104245017700146260004100323500006000364502007700424650002100501650002400522856007000546000108727CHAP20220329144022.0140306s2012 mx a |sm |||||||spa|d a105189 a106161 cCHAP1 aCovarrubias Pazaran, Giovanny Eduardo10aTransformación de tabaco con el gen inductor de organogénesis DRN/ESR/1 expresado con dos promotores induciblesh[En línea]cpor Giovanny Eduardo Covarrubias Pazaran. aChapingo, Méx. :bEl autor,c2012. aPara ver el contenido del material haga clic en la liga aTesis (Ing. Agr. Esp. en Fitotecnia) -- UACH. Departamento de Fitotecnia14aOrganogénesis.14aTabacoxGenética. aFinding aiduhttp://10.13.5.2/tesis/sist108727.pdfzTeclea aquí